Responses for Show #8287 - Tuesday, November 24, 2020

Contestants

[<< previous game]

Jennifer Rosenberg, a lawyer from Walnut Creek, California

Matt McDaniel, a director of programming from Los Angeles, California

Henry Baer, a software engineer from Lafayette, California (whose 1-day cash winnings total $31,000)

[next game >>]

Jeopardy! Round responses

AWESOME TECHNOLOGY
FARMING
BODIES OF WATER
A STAR IS BORN
SPEAK NOW
FOREVER HOLD YOUR PEACE
    $200 6
teeth

Henry
    $200 17
carbon

Henry
    $1,000 1
the Mekong

Henry
    $200 10
Johnny Depp

Matt
    $200 22
stat

Jennifer
    $200 13
the War of 1812

Matt
    $400 7
the PlayStation

Henry
    $400 18
plowing

Jennifer
    $400 2
the Bay of Bengal

Henry
    $400 11
Leonardo DiCaprio

Matt
    $400 23
vogue

Henry
    $400 27
Limerick

Triple Stumper
    $600 8
Charmin

Henry
    $600 19
soybeans

Matt
    $600 3
the Gulf of Mexico

Henry
    $600 12
Gal Gadot

Jennifer
    $600 24
procrastinating

Henry
    $600 28
Athens

Henry
    $800 9
Jim Henson

Matt
    $800 20
baling

Matt
    $800 4
the Black Sea

Henry
    $800 14
Javier Bardem

Matt
    $800 25
(Matt: What is ándale?)

pronto

Matt
Triple Stumper
    $800 29
Versailles

Henry
    $1000 16
sleep apnea

Matt
    $1000 21
fallow

Henry
    $1000 5
(Jennifer: What is the Danube?)
(Matt: Uh, what is the Volga?)

the Elbe

MattJennifer
Triple Stumper
    $1000 15
(Scarlett) Johansson

Henry
    $1000 26
leather

Jennifer
    $1000 30
the Spanish empire

Matt

Scores at the first commercial break (after clue 15):

Henry Matt Jennifer
$5,000 $1,400 -$400

Scores at the end of the Jeopardy! Round:

Henry Matt Jennifer
$8,600 $4,000 $1,200

Double Jeopardy! Round responses

WE'LL GIVE YOU PAWS
RELIGION
THE GIRL IN THE SONG
GO "NUT"s
A WINDY CATEGORY
BOOKS & AUTHORS
    $400 21
a leopard

Matt
    $400 1
a cross

Matt
    $400 2
Kiki

Triple Stumper
    $400 17
nutmeg

Jennifer
    $400 26
a blizzard

Matt
    $400 5
Show Boat

Matt
    $800 22
a polar bear

Henry
    $800 4
Allah

Jennifer
    $800 3
Suzie

Jennifer
    $800 14
nuts & bolts

Henry
    $800 27
Norway

Matt
    $800 12
Sophie's Choice

Matt
    $1200 23
a raccoon

Matt
    $1200 10
dogma

Matt
    $1200 6
Monica

Henry
    $1200 9
The Nutty Professor

Henry
    $1200 28
the Edmund Fitzgerald

Jennifer
    $1200 13
Divergent

Henry
    $1600 24
a border collie

Jennifer
    $4,000 15
Hinduism

Henry
    $1600 7
Sleepy Jean

Henry
    $1600 8
(Henry: What are Reese's Pieces?)
(Jennifer: What is Take 5?)

NutRageous

HenryJennifer
Triple Stumper
    $1600 29
(Jennifer: What is the khamsin?)

the sirocco

Jennifer
Triple Stumper
    $1600 18
(Upton) Sinclair

Henry
    $2000 25
polydactyl

Henry
    $2000 16
Shinto

Henry
    $2000 11
Betty

Jennifer
    $2000 20
a nuthatch

Jennifer
    $2000 30
the Adriatic

Jennifer
    $2,000 19
(Cormac) McCarthy

Henry

Scores at the end of the Double Jeopardy! Round:

Henry Matt Jennifer
$25,400 $9,600 $8,800
(lock game)

[wagering suggestions for these scores]

Final Jeopardy! Round responses

HISTORIC DOCUMENTS
JenniferWhat is Magna Carta?
$8,800
MattWhat is the Magna Carta?
$8,100
HenryWhat is the Magna Carta
$5,000
the Magna Carta

Final scores:

Henry Matt Jennifer
$30,400 $17,700 $17,600
2-day champion: $61,400 2nd place: $2,000 3rd place: $1,000

Game dynamics:

Coryat scores:

Henry Matt Jennifer
$22,200 $9,600 $8,800
25 R
(including 3 DDs),
1 W
17 R,
2 W
12 R,
3 W

Combined Coryat: $40,600

[game clues] [game scores] [suggest correction]

Game tape date: 2020-09-14
The J! Archive is created by fans, for fans. Scraping, republication, monetization, and malicious use prohibited; this site may use cookies and collect identifying information. See terms. The Jeopardy! game show and all elements thereof, including but not limited to copyright and trademark thereto, are the property of Jeopardy Productions, Inc. and are protected under law. This website is not affiliated with, sponsored by, or operated by Jeopardy Productions, Inc. Join the discussion at JBoard.tv.